Países com Mais Imigrantes Per Capita - Statistics

Estatísticas Gerais
  • Esse quiz foi jogado 2 983 vezes
  • A pontuação média é 11 de 23
Estatísticas das Respostas
% País % Correto
21.3 Canadá
70%
100 Vaticano
66%
87.9 Emirados Árabes Unidos
65%
78.7 Catar
64%
30.0 Austrália
62%
68.0 Mônaco
59%
23.0 Israel
57%
47.4 Luxemburgo
54%
38.3 Arábia Saudita
53%
22.3 Nova Zelândia
52%
58.5 Andorra
51%
67.0 Liechtenstein
49%
45.2 Bahrein
48%
72.1 Kuweit
46%
29.9 Suíça
46%
37.1 Singapura
45%
46.0 Omã
44%
33.1 Jordânia
37%
27.2 Líbano
37%
25.5 Brunei
27%
28.1 Palau
19%
21.7 E. F. Micronésia
14%
30.1 Antígua e Barbuda
10%
Nenhum quiz correspondente encontrado
Distribuição das Pontuações
Porcentagem de Pessoas com Cada Pontuação
Percentil de Números Respondidos
Sua Pontuação Histórica
Você não jogou esse quiz